| 000 | 00611nam a2200229Ia 4500 | ||
|---|---|---|---|
| 003 | OSt | ||
| 005 | 20220928102245.0 | ||
| 006 | a|||||r|||| 00| 0 | ||
| 007 | ta | ||
| 008 | 220927b |||||||| |||| 00| 0 eng d | ||
| 024 | _a127095 | ||
| 037 | _cTextual | ||
| 040 |
_aSDCL _cSDCL _beng |
||
| 041 |
_2eng _aeng |
||
| 082 | _aO-,1M65:gx, L3;1 | ||
| 100 |
_aKeane Patrick.J _9397463 |
||
| 245 | 0 | _aWilliam butler yeats | |
| 260 |
_aNew Delhi _bMcGraw-Hill Book Company India |
||
| 300 |
_a151p. _ccm. |
||
| 942 |
_hO-,1M65:gx, L3;1 _cTEXL _2CC |
||
| 999 |
_c713253 _d713253 |
||